000 01297aam a2200385 ia4500
001 vtls000773071
003 PNM
005 20200720095232.0
008 150603t20162011my ao j 000 0 may
015 _aM16-10046
020 _a9789670798158
_qset
020 _a9789670892566
_qpaperback
_cRM20.00
039 9 _a201705190747
_bdayang
_c201608230958
_dn_shuhada
_c201608081101
_dety
_c201508181205
_dazma
040 _aBNM
_beng
_cBNM
_erda
_dPPAK
041 1 _amay
_heng
049 _amal
082 0 4 _a551.51
_223
090 0 0 _a551.51
_bUDA
_dK
245 0 0 _aUDARA /
_cPenterjemah : Ani Izzuani Mohd Kassim
246 3 3 _iTranslation of :
_aI wanna know about Science :
_bair
264 1 _aWangsa Maju, Kuala Lumpur :
_bINSTITUT TERJEMAHAN & BUKU MALAYSIA,
_c2016
264 4 _c©2011
300 _a32 pages :
_bcolour photographs, colour illustrations ;
_c25 cm
336 _atext
_2rdacontent
337 _aunmediated
_2rdamedia
338 _avolume
_2rdacarrier
490 1 _aSaya Ingin Tahu tentang Sains
650 1 0 _aAir
_vJuvenile literature
650 2 0 _aScience
_vJuvenile literature
700 0 _aAni Izzuani Mohd Kassim,
_etranslator.
830 0 _aSaya Ingin Tahu tentang Sains
942 _2ddc
_cB
949 _62000090423
_e002369291
949 _62000090422
_e002369292
999 _c173202
_d173202